00842nam a22002057a 4500003000600000005001700006008004100023020004000064020001800104040000800122082001700130100002100147245004900168260004600217300002900263440002000292504006400312505022200376650003800598GBCCL20241126110650.0210212b ||||| |||| 00| 0 eng d a031020495X (softcover : alk. paper) a9780310204954 cgbc a200.223bHOU aHouse, H. Wayne. aCharts of world religions /cH. Wayne House. aGrand Rapids, Mich. :bZondervan,cc2006. a336 p. :bill. ;c28 cm. aZondervanCharts aIncludes bibliographical references (p. 322-336) and index. a"This collection of charts shows what the major religions of the world have in common and how they differ in terms of beliefs, practices, and understanding of human nature and the supernatural"--Provided by publisher. aReligionsvCharts, diagrams, etc.